Music Quiz

Random Music or Billboard Quiz

Things Artists Don't Want To Do Quiz Stats

 Plays Quiz not verified by Sporcle

Challenge
Share
Tweet
Embed
Score 0/23 Timer 06:00
0 Plays Today
% Correct
Miss A Thing
81.6%
Wait
52.6%
Go On With You Like That
42.1%
Be
39.5%
Cry
31.6%
Fight
31.6%
Lose You
28.9%
Fall In Love
26.3%
Live Without You
26.3%
Go Home
23.7%
Live Without Your Love
21.1%
Know
15.8%
% Correct
Be Right
15.8%
See You Again
15.8%
Do Wrong
15.8%
Be A Player
15.8%
Be In Love
15.8%
Be A Fool
13.2%
Be Lonely
13.2%
Try
10.5%
Live Without It
10.5%
Be Your Man
7.9%
Be Hurt Anymore
7.9%

You're not logged in!

Compare scores with friends on all Sporcle quizzes.
OR
Log In

You Might Also Like...

Show Comments

Extras

Top Quizzes Today


Score Distribution

Your Account Isn't Verified!

In order to create a playlist on Sporcle, you need to verify the email address you used during registration. Go to your Sporcle Settings to finish the process.

Report this User

Report this user for behavior that violates our Community Guidelines.

Details: